Gene cloning: an introduction (Record no. 75823)
[ view plain ]
| 000 -LEADER | |
|---|---|
| fixed length control field | 00730nam a2200181 a 4500 |
| 008 - FIXED-LENGTH DATA ELEMENTS--GENERAL INFORMATION | |
| fixed length control field | 120416s1995 ||||||||||||||||| || u |
| 020 ## - INTERNATIONAL STANDARD BOOK NUMBER | |
| International Standard Book Number | 0748740708 |
| 050 ## - LIBRARY OF CONGRESS CALL NUMBER | |
| Classification number | QH 442.2 Bro |
| 100 ## - MAIN ENTRY--PERSONAL NAME | |
| Personal name | Brown, T. A |
| 245 10 - TITLE STATEMENT | |
| Title | Gene cloning: an introduction |
| 250 ## - EDITION STATEMENT | |
| Edition statement | 3rd ed. |
| 260 ## - PUBLICATION, DISTRIBUTION, ETC. | |
| Place of publication, distribution, etc. | Chelteuham |
| Name of publisher, distributor, etc. | Stanley Thornes |
| Date of publication, distribution, etc. | 1995 |
| 350 ## - | |
| -- | 0.00 |
| 650 #0 - SUBJECT ADDED ENTRY--TOPICAL TERM | |
| Topical term or geographic name entry element | GENETICS |
| 650 ## - SUBJECT ADDED ENTRY--TOPICAL TERM | |
| Topical term or geographic name entry element | HUMAN GENETICS |
| 995 ## - | |
| -- | MAIN LIBRARY OPEN ACCESS |
| -- | 0.00 |
| -- | 731928 |
| -- | CBU-MAIN LIBRARY (Kitwe) |
| -- | 1 |
| -- | 20.95 |
| -- | QH 442.2 Bro |
| -- | 1 |
| -- | AVAILABLE |
| -- | 029394 |
| -- | Main Library Open Access Collection |
| 995 ## - | |
| -- | MAIN LIBRARY OPEN ACCESS |
| -- | 0.00 |
| -- | 735067 |
| -- | CBU-MAIN LIBRARY (Kitwe) |
| -- | 2 |
| -- | 20.95 |
| -- | QH 442.2 Bro |
| -- | 2 |
| -- | AVAILABLE |
| -- | Apr 24, 2007 |
| -- | 38230 |
| -- | Main Library Open Access Collection |
| 999 ## - | |
| -- | 75823 |
| -- | 75823 |
| Withdrawn status | Lost status | Source of classification or shelving scheme | Damaged status | Not for loan | Permanent Location | Current Location | Shelving location | Date acquired | Total Checkouts | Full call number | Barcode | Date last seen | Copy number | Price effective from | Koha item type |
|---|---|---|---|---|---|---|---|---|---|---|---|---|---|---|---|
| CBU-MAIN LIBRARY, KITWE. | CBU-MAIN LIBRARY, KITWE. | 04/25/2023 | QH 442.2 Bro | 029394 | 04/25/2023 | 1 | 04/25/2023 | MONOGRAPH | |||||||
| CBU-MAIN LIBRARY, KITWE. | CBU-MAIN LIBRARY, KITWE. | 04/25/2023 | QH 442.2 Bro | 38230 | 04/25/2023 | 2 | 04/25/2023 | MONOGRAPH |